[Event "Sofia Gerenski Memorial 11th"]
[Site "Sofia"]
[Date "2018.03.23"]
[Round "5"]
[White "Popov, Georgi"]
[Black "Nedkov, Boris"]
[Result "1-0"]
[WhiteElo "2074"]
[BlackElo "1422"]
[PlyCount "37"]
[EventDate "2018.03.21"]
[EventType "swiss"]
[EventRounds "7"]
[EventCountry "BUL"]
[SourceTitle "CBM 183 Extra"]
[Source "ChessBase"]
[SourceDate "2018.04.19"]
[SourceVersion "1"]
[SourceVersionDate "2018.04.19"]
[SourceQuality "1"]

1. e4 e6 2. d4 d5 3. e5 c5 4. c3 Nc6 5. Nf3 Qb6 6. a3 cxd4 7. cxd4 Nge7 8. Nc3 Nf5 9. Na4 Qc7 10. b4 b6 11. Bb2 Bd7 12. Rc1 Qd8 13. Ba6 Rb8 14. Nc3 g6 15. 0-0 Be7 16. Nb5 0-0 17. Re1 Bxb4 18. axb4 Nxb4 19. Nc7 1-0

[Event "Sofia Gerenski Memorial 11th"]
[Site "Sofia"]
[Date "2018.03.22"]
[Round "2"]
[White "Timev, Anzhelo"]
[Black "Popov, Georgi"]
[Result "1-0"]
[WhiteElo "1798"]
[BlackElo "2074"]
[PlyCount "35"]
[EventDate "2018.03.21"]
[EventType "swiss"]
[EventRounds "7"]
[EventCountry "BUL"]
[SourceTitle "CBM 183 Extra"]
[Source "ChessBase"]
[SourceDate "2018.04.19"]
[SourceVersion "1"]
[SourceVersionDate "2018.04.19"]
[SourceQuality "1"]

1. Nf3 d5 2. d4 c6 3. Bf4 Nf6 4. h3 Qb6 5. Qc1 Bf5 6. e3 e6 7. Nbd2 Na6 8. c3 c5 9. Be2 Rc8 10. 0-0 Be7 11. a4 0-0 12. a5 Qd8 13. Qd1 Bd6 14. Bxd6 Qxd6 15. Nh4 Rfd8 16. Nb3 c4 17. Nc1 Nb8 18. Qa4 1-0

[Event "Sofia ChessBomb op 3rd"]
[Site "Sofia"]
[Date "2016.04.16"]
[Round "1"]
[White "Georgiev, Nikolay"]
[Black "Popov, Georgi"]
[Result "0-1"]
[WhiteElo "1516"]
[BlackElo "2088"]
[PlyCount "76"]
[EventDate "2016.04.16"]
[EventType "swiss"]
[EventRounds "6"]
[EventCountry "BUL"]
[SourceTitle "CBM 171 Extra"]
[Source "ChessBase"]
[SourceDate "2016.04.26"]
[SourceVersion "1"]
[SourceVersionDate "2016.04.26"]
[SourceQuality "1"]

1. e4 c5 2. Nf3 Nc6 3. d4 cxd4 4. Nxd4 g6 5. Nxc6 dxc6 6. Qxd8+ Kxd8 7. Bc4 Ke8 8. Be3 Bg7 9. c3 e5 10. Nd2 Bh6 11. Ke2 Bxe3 12. Kxe3 Ke7 13. Nb3 Nf6 14. f3 a5 15. Nc5 Nd7 16. Nxd7 Bxd7 17. Rhd1 Rhd8 18. Rd2 b5 19. Bb3 a4 20. Bc2 Be6 21. Rxd8 Kxd8 22. Rd1+ Ke7 23. a3 Rb8 24. h4 h6 25. g4 f6 26. Rg1 Rh8 27. Rg2 g5 28. h5 Rb8 29. Rd2 Rb6 30. Rd1 Bc4 31. Rd2 c5 32. Rf2 b4 33. Bxa4 bxa3 34. bxa3 Ra6 35. Bd1 Rxa3 36. Kd2 Kd6 37. Bc2 Ra1 38. Ke3 Re1+ 0-1

[Event "Sofia ChessBomb op 3rd"]
[Site "Sofia"]
[Date "2016.04.16"]
[Round "2"]
[White "Popov, Georgi"]
[Black "Danov, Lyubomir"]
[Result "0-1"]
[WhiteElo "2088"]
[BlackElo "2326"]
[PlyCount "65"]
[EventDate "2016.04.16"]
[EventType "swiss"]
[EventRounds "6"]
[EventCountry "BUL"]
[SourceTitle "CBM 171 Extra"]
[Source "ChessBase"]
[SourceDate "2016.04.26"]
[SourceVersion "1"]
[SourceVersionDate "2016.04.26"]
[SourceQuality "1"]

1. d4 Nf6 2. Nf3 e6 3. Bg5 c5 4. e3 h6 5. Bh4 cxd4 6. exd4 Qb6 7. Qc1 g5 8. Bg3 g4 9. Be5 Be7 10. Nfd2 d5 11. Nc3 Bd7 12. Nb3 Nc6 13. Na4 Qb4+ 14. Nc3 Nxe5 15. dxe5 Ne4 16. a3 Qb6 17. Nxe4 dxe4 18. Qe3 Qxe3+ 19. fxe3 Rc8 20. c3 Ba4 21. Nd2 Rc5 22. Be2 Rg8 23. Bd1 Bc6 24. Bc2 Rxe5 25. 0-0-0 f5 26. c4 Bg5 27. Rhe1 f4 28. exf4 Bxf4 29. g3 Bg5 30. Kb1 e3 31. Nb3 e2 32. Rd3 Rf8 33. Rh1 0-1

[Event "Sofia MGU op 158th"]
[Site "Sofia"]
[Date "2015.12.27"]
[Round "5"]
[White "Tsyntsarski, Boyko"]
[Black "Popov, Georgi"]
[Result "0-1"]
[WhiteElo "1708"]
[BlackElo "2125"]
[PlyCount "66"]
[EventDate "2015.12.26"]
[EventType "swiss"]
[EventRounds "6"]
[EventCountry "BUL"]
[SourceTitle "CBM 170 Extra"]
[Source "ChessBase"]
[SourceDate "2016.02.25"]
[SourceVersion "1"]
[SourceVersionDate "2016.02.25"]
[SourceQuality "1"]

1. e4 g6 2. d4 Bg7 3. c4 c5 4. d5 d6 5. Nc3 Na6 6. Bd3 Nc7 7. Nge2 Nf6 8. f3 a6 9. a4 b6 10. Rb1 0-0 11. Bg5 h6 12. Bxf6 Bxf6 13. b4 e6 14. bxc5 bxc5 15. a5 exd5 16. exd5 Bxc3+ 17. Nxc3 Qh4+ 18. Kf1 Qd4 19. Ne4 Bf5 20. Be2 Qe5 21. Ng3 Bxb1 22. Qxb1 Rab8 23. Qc1 Kg7 24. Ne4 Ne8 25. g4 Nf6 26. Nf2 Rfe8 27. Bd3 Qe3 28. Qxe3 Rxe3 29. Kg2 Rb2 30. Rd1 Ra2 31. Kg3 Rxa5 32. Kf4 Re7 33. h4 Ra2 0-1

[Event "Sofia MGU op 158th"]
[Site "Sofia"]
[Date "2015.12.26"]
[Round "2"]
[White "Popov, Georgi"]
[Black "Mladenov, Andrey"]
[Result "1-0"]
[WhiteElo "2125"]
[BlackElo "1578"]
[PlyCount "62"]
[EventDate "2015.12.26"]
[EventType "swiss"]
[EventRounds "6"]
[EventCountry "BUL"]
[SourceTitle "CBM 170 Extra"]
[Source "ChessBase"]
[SourceDate "2016.02.25"]
[SourceVersion "1"]
[SourceVersionDate "2016.02.25"]
[SourceQuality "1"]

1. c4 c5 2. Nc3 Nf6 3. g3 d5 4. cxd5 Nxd5 5. Bg2 Nc7 6. d3 e5 7. Be3 Be7 8. Rc1 Ne6 9. Nf3 Nd7 10. 0-0 0-0 11. Nd5 Bd6 12. Nd2 Re8 13. Ne4 Bf8 14. f4 exf4 15. gxf4 f5 16. Nec3 a6 17. a3 Rb8 18. b4 cxb4 19. axb4 b6 20. Kh1 Bb7 21. Qb3 Kh8 22. Bg1 Bd6 23. e4 fxe4 24. dxe4 Bxd5 25. Nxd5 a5 26. Rc6 Bf8 27. Rd1 axb4 28. Rxe6 Rxe6 29. Nxb4 Qe8 30. e5 Nc5 31. Qf3 Rd8 1-0

[Event "Sofia MGU op 93rd"]
[Site "Sofia"]
[Date "2013.10.12"]
[Round "3"]
[White "Andreev, Dobrotich"]
[Black "Popov, Georgi"]
[Result "1-0"]
[WhiteElo "2064"]
[BlackElo "2117"]
[PlyCount "55"]
[EventDate "2013.10.12"]
[EventType "swiss"]
[EventRounds "6"]
[EventCountry "BUL"]
[SourceTitle "EXT 2014"]
[Source "ChessBase"]
[SourceDate "2013.11.20"]
[SourceVersion "1"]
[SourceVersionDate "2013.11.20"]
[SourceQuality "1"]

1. e4 g6 2. d4 Bg7 3. c4 c5 4. d5 d6 5. Nc3 Na6 6. Be3 Nc7 7. Qd2 a6 8. a4 Rb8 9. Bd3 Bd7 10. a5 b5 11. axb6 Rxb6 12. Nge2 Qb8 13. Ra2 Nf6 14. f3 0-0 15. 0-0 Qb7 16. Rb1 e5 17. Bc2 Rb4 18. b3 Rb8 19. Qd1 Qc8 20. Bd2 R4b7 21. Nc1 Nfe8 22. Nd3 f5 23. f4 fxe4 24. Nxe4 Bf5 25. Ndf2 Qd7 26. Qf3 Nf6 27. fxe5 Nxe4 28. Bxe4 1-0

[Event "BUL-ch Seniors"]
[Site "Sofia"]
[Date "2012.05.20"]
[Round "2"]
[White "Popov, Georgi"]
[Black "Kotseva, Dimitrichka Tonova"]
[Result "1-0"]
[WhiteElo "2126"]
[BlackElo "1530"]
[PlyCount "63"]
[EventDate "2012.05.19"]
[EventType "swiss"]
[EventRounds "9"]
[EventCountry "BUL"]
[SourceTitle "CBM 148 Extra"]
[Source "ChessBase"]
[SourceDate "2012.06.22"]
[SourceVersion "1"]
[SourceVersionDate "2012.06.22"]
[SourceQuality "1"]

1. e4 e5 2. Nf3 d6 3. Bc4 h6 4. d3 Nf6 5. Nbd2 a6 6. a4 Be7 7. Nf1 0-0 8. Ng3 g6 9. Bxh6 Re8 10. h3 Nh7 11. Qd2 Bd7 12. a5 c5 13. 0-0 Bc6 14. Rfe1 Bf6 15. Re2 Nd7 16. Nh2 Ndf8 17. Ng4 Ne6 18. Bxe6 Rxe6 19. Nxf6+ Qxf6 20. Be3 Qh4 21. b4 Rf6 22. Nf1 Kh8 23. bxc5 Rf3 24. Nh2 Rxh3 25. gxh3 Qxh3 26. f3 Kg7 27. cxd6 Rh8 28. Rg2 Nf6 29. Qf2 Nh5 30. d4 Nf4 31. Bxf4 exf4 32. d5 1-0

[Event "BUL-ch Seniors"]
[Site "Sofia"]
[Date "2012.05.19"]
[Round "1"]
[White "Berberyan, Maruke"]
[Black "Popov, Georgi"]
[Result "0-1"]
[WhiteElo "1600"]
[BlackElo "2126"]
[PlyCount "74"]
[EventDate "2012.05.19"]
[EventType "swiss"]
[EventRounds "9"]
[EventCountry "BUL"]
[SourceTitle "CBM 148 Extra"]
[Source "ChessBase"]
[SourceDate "2012.06.22"]
[SourceVersion "1"]
[SourceVersionDate "2012.06.22"]
[SourceQuality "1"]

1. d4 Nf6 2. c4 g6 3. Nf3 Bg7 4. g3 d6 5. Bg2 c6 6. Nc3 0-0 7. 0-0 Nbd7 8. e4 e5 9. Re1 Re8 10. Bg5 Qb6 11. Qb3 exd4 12. Qxb6 Nxb6 13. Nxd4 Nxc4 14. Bc1 Ng4 15. Nc2 f5 16. Rb1 Bd7 17. h3 Nge5 18. Rd1 fxe4 19. Nxe4 d5 20. Nc5 Bf5 21. Nd4 Bxb1 22. Nde6 b6 23. Nxg7 Kxg7 24. Nb3 Be4 25. Nd4 c5 26. Nb5 Nf3+ 27. Kh1 Re7 28. b3 Nce5 29. Bb2 d4 30. Nd6 Bc2 31. Rc1 Rd8 32. Nc4 Nxc4 33. bxc4 Re1+ 34. Rxe1 Nxe1 35. Bf1 Be4+ 36. Kh2 Nd3 37. Bxd3 Bxd3 0-1

[Event "BUL-ch Seniors"]
[Site "Sofia"]
[Date "2011.05.15"]
[Round "3"]
[White "Kolev, Velio"]
[Black "Popov, Georgi"]
[Result "0-1"]
[WhiteElo "1936"]
[BlackElo "2165"]
[PlyCount "110"]
[EventDate "2011.05.14"]
[EventType "swiss"]
[EventRounds "9"]
[EventCountry "BUL"]
[SourceTitle "CBM 142 Extra"]
[Source "ChessBase"]
[SourceDate "2011.06.27"]
[SourceVersion "1"]
[SourceVersionDate "2011.06.27"]
[SourceQuality "1"]

1. Nf3 d5 2. g3 Bg4 3. Ne5 Bh5 4. c4 dxc4 5. Qa4+ c6 6. Qxc4 Nd7 7. Nxd7 Qxd7 8. Bg2 Nf6 9. Nc3 e6 10. 0-0 Be7 11. d3 0-0 12. Re1 Rfe8 13. Be3 Nd5 14. Bd2 Rac8 15. a3 b5 16. Qb3 a6 17. Rac1 c5 18. Nd1 Qa7 19. Ne3 Nf6 20. h3 h6 21. Nf1 Rc7 22. g4 Bg6 23. Bf4 Rcc8 24. Kh1 Red8 25. Kg1 Rd7 26. Bf3 Nd5 27. Bg3 Bg5 28. Rcd1 Rcd8 29. Bg2 Nf4 30. h4 Nxg2 31. Kxg2 Be7 32. f3 h5 33. g5 Qb6 34. Rc1 f6 35. gxf6 gxf6 36. Bf2 Bf7 37. Qc3 Qb8 38. Qd2 Kh7 39. Qc2 Rg8+ 40. Kh3 Qf8 41. Ne3 Qh6 42. Rg1 Rxg1 43. Rxg1 Rd8 44. Nf1 Rg8 45. Rxg8 Kxg8 46. Kg2 Qg6+ 47. Kh2 Qf5 48. Ng3 Qd5 49. e3 Bf8 50. e4 Qc6 51. Ne2 e5 52. Nc1 f5 53. exf5 Qxf3 54. Bxc5 Qf4+ 55. Kg1 Qg4+ 0-1

[Event "Sofia Baharov Memorial 18th"]
[Site "Sofia"]
[Date "2010.11.27"]
[Round "3"]
[White "Georgiev, Ivan Georgiev"]
[Black "Popov, Georgi"]
[Result "0-1"]
[WhiteElo "1818"]
[BlackElo "2161"]
[PlyCount "66"]
[EventDate "2010.11.25"]
[EventType "swiss"]
[EventRounds "7"]
[EventCountry "BUL"]
[SourceTitle "CBM 139 Extra"]
[Source "ChessBase"]
[SourceDate "2011.01.05"]
[SourceVersion "1"]
[SourceVersionDate "2011.01.05"]
[SourceQuality "1"]

1. e4 g6 2. d4 Bg7 3. Nf3 d6 4. Bc4 c6 5. a4 d5 6. exd5 cxd5 7. Bb3 Nc6 8. 0-0 Bg4 9. c3 Nf6 10. h3 Bxf3 11. Qxf3 0-0 12. Bf4 Rc8 13. Nd2 h6 14. Rae1 e6 15. Qe3 Kh7 16. Bc2 Qb6 17. Nb3 Rfd8 18. g4 Na5 19. Nxa5 Qxa5 20. Qf3 Ng8 21. Be5 Rd7 22. h4 Bxe5 23. Rxe5 Kg7 24. h5 g5 25. Qd3 Qd8 26. Qh7+ Kf8 27. f4 f6 28. Qh8 fxe5 29. fxe5+ Rf7 30. Rxf7+ Kxf7 31. Qh7+ Kf8 32. Qh8 Qe7 33. Bh7 Qg7 0-1

[Event "Sofia Baharov Memorial 18th"]
[Site "Sofia"]
[Date "2010.11.27"]
[Round "4"]
[White "Popov, Georgi"]
[Black "Lukov, Valentin"]
[Result "0-1"]
[WhiteElo "2161"]
[BlackElo "2420"]
[PlyCount "72"]
[EventDate "2010.11.25"]
[EventType "swiss"]
[EventRounds "7"]
[EventCountry "BUL"]
[SourceTitle "CBM 139 Extra"]
[Source "ChessBase"]
[SourceDate "2011.01.05"]
[SourceVersion "1"]
[SourceVersionDate "2011.01.05"]
[SourceQuality "1"]

1. d4 Nf6 2. Nf3 c5 3. c3 b6 4. Bf4 Bb7 5. Nbd2 g6 6. h3 Bg7 7. e3 0-0 8. Be2 d6 9. 0-0 Qc8 10. a4 Nc6 11. Bh2 Ba6 12. Re1 Bxe2 13. Qxe2 Qb7 14. Rab1 a6 15. b4 cxb4 16. cxb4 b5 17. axb5 axb5 18. e4 Ra4 19. Rb3 Nd7 20. e5 dxe5 21. dxe5 e6 22. Ne4 Rxb4 23. Rxb4 Nxb4 24. Rb1 Nc6 25. Qxb5 Qxb5 26. Rxb5 Ra8 27. Bg3 h6 28. h4 Ra1+ 29. Kh2 Rd1 30. Bf4 Nd4 31. Nxd4 Rxd4 32. f3 Rd5 33. Rxd5 exd5 34. Nf6+ Bxf6 35. exf6 Kh7 36. Kg3 Nxf6 0-1

[Event "Kesarovski Georgiev Memorial 9th"]
[Site "Sunny Beach"]
[Date "2010.09.05"]
[Round "9"]
[White "Popov, Georgi"]
[Black "Daskalov, Dimitar"]
[Result "0-1"]
[WhiteElo "2202"]
[BlackElo "2021"]
[PlyCount "80"]
[EventDate "2010.08.28"]
[EventType "swiss"]
[EventRounds "9"]
[EventCountry "BUL"]
[SourceTitle "CBM 138 Extra"]
[Source "ChessBase"]
[SourceDate "2010.10.29"]
[SourceVersion "1"]
[SourceVersionDate "2010.10.29"]
[SourceQuality "1"]

1. c4 Nf6 2. Nf3 g6 3. g3 Bg7 4. Bg2 0-0 5. 0-0 d6 6. Nc3 e5 7. d3 Nc6 8. Rb1 a5 9. a3 Be6 10. b4 axb4 11. axb4 h6 12. b5 Ne7 13. Bd2 Nd7 14. Qc1 Kh7 15. Ra1 f5 16. Ne1 c6 17. f4 Qb6+ 18. Kh1 e4 19. Rb1 Qc7 20. bxc6 bxc6 21. dxe4 Bxc4 22. Nd3 fxe4 23. Bxe4 d5 24. Bg2 Nf5 25. Re1 Nd4 26. Nb2 Nb3 27. Qc2 Nxd2 28. Qxd2 Ra3 29. Rec1 Nb6 30. e4 d4 31. Ncd1 Bb5 32. e5 Qd7 33. Ra1 Rxa1 34. Rxa1 c5 35. Nf2 c4 36. Qb4 Rb8 37. Ne4 c3 38. Nc5 cxb2 39. Rb1 Qe8 40. Rxb2 Nc4 0-1

[Event "Kesarovski Georgiev Memorial 9th"]
[Site "Sunny Beach"]
[Date "2010.09.03"]
[Round "7"]
[White "Popov, Georgi"]
[Black "Vasilev, Vasil Aleksandrov"]
[Result "0-1"]
[WhiteElo "2202"]
[BlackElo "2368"]
[PlyCount "88"]
[EventDate "2010.08.28"]
[EventType "swiss"]
[EventRounds "9"]
[EventCountry "BUL"]
[SourceTitle "CBM 138 Extra"]
[Source "ChessBase"]
[SourceDate "2010.10.29"]
[SourceVersion "1"]
[SourceVersionDate "2010.10.29"]
[SourceQuality "1"]

1. d4 Nf6 2. Nf3 g6 3. Bf4 Bg7 4. c3 d6 5. e3 Nh5 6. Bg5 h6 7. Bh4 g5 8. Nfd2 Nf6 9. Bg3 Nc6 10. Nc4 Ne4 11. Nbd2 Nxg3 12. hxg3 d5 13. Na3 a6 14. f4 Be6 15. Nf3 Qd6 16. Nc2 Bf5 17. Bd3 Qg6 18. Bxf5 Qxf5 19. Qe2 g4 20. Nh4 Qd7 21. b4 h5 22. Qd3 e6 23. a3 Ne7 24. Rd1 Qb5 25. Ke2 Bf6 26. Ra1 Bxh4 27. gxh4 Nf5 28. Qxb5+ axb5 29. Kd3 Ra6 30. Rab1 Ke7 31. Rb3 Kf6 32. Ne1 Rha8 33. Nc2 Kg6 34. Rbb1 Nd6 35. g3 Nc4 36. Rhe1 Nxa3 37. Nxa3 Rxa3 38. Rb2 Ra1 39. Rbe2 Kf5 40. e4+ dxe4+ 41. Rxe4 Rxe1 42. Rxe1 f6 43. Re2 Ra1 44. Rg2 Rf1 0-1

[Event "Kesarovski Georgiev Memorial 9th"]
[Site "Sunny Beach"]
[Date "2010.09.01"]
[Round "5"]
[White "Popov, Georgi"]
[Black "Kosanovic, Dragan"]
[Result "0-1"]
[WhiteElo "2202"]
[BlackElo "2324"]
[PlyCount "138"]
[EventDate "2010.08.28"]
[EventType "swiss"]
[EventRounds "9"]
[EventCountry "BUL"]
[SourceTitle "CBM 138 Extra"]
[Source "ChessBase"]
[SourceDate "2010.10.29"]
[SourceVersion "1"]
[SourceVersionDate "2010.10.29"]
[SourceQuality "1"]

1. d4 Nf6 2. Nf3 e6 3. Bg5 c5 4. c3 b6 5. e3 Bb7 6. a4 a6 7. Nbd2 d6 8. h3 Be7 9. Be2 Nbd7 10. 0-0 0-0 11. Qb1 Rc8 12. Bd3 Re8 13. Re1 Qc7 14. Bf4 Bf8 15. Bh2 g6 16. Ne4 Nxe4 17. Bxe4 Nf6 18. Bxb7 Qxb7 19. e4 cxd4 20. Nxd4 e5 21. Nf3 d5 22. Nd2 Bh6 23. Nf3 dxe4 24. Nxe5 Qd5 25. c4 Qe6 26. a5 Rc5 27. f4 bxa5 28. Kh1 Bf8 29. b3 h5 30. Ra2 Qf5 31. Qa1 Bh6 32. Bg1 Bxf4 33. Bxc5 Bxe5 34. Bd4 h4 35. Bxe5 Rxe5 36. Rf1 Qg5 37. Rxf6 Qxf6 38. Rxa5 Rf5 39. Qxf6 Rxf6 40. Kg1 Rb6 41. Ra3 f5 42. c5 Rc6 43. b4 Kf7 44. Kf2 Ke6 45. Ra1 Ke5 46. Ke3 f4+ 47. Ke2 Kd4 48. Rd1+ Kc4 49. Rd6 Kb5 50. Rd4 Re6 51. Kf2 Kc6 52. Ke2 a5 53. bxa5 Kxc5 54. Ra4 Kb5 55. Ra1 Ra6 56. Rd1 Rxa5 57. Rd4 Ra2+ 58. Kf1 Ra4 59. Rd6 Ra6 60. Rd4 Re6 61. Ke2 Kc5 62. Ra4 Re5 63. Ra5+ Kd4 64. Ra4+ Kc3 65. Ra6 g5 66. Ra4 Kb3 67. Rd4 e3 68. Rd8 Re4 69. Rc8 Rc4 0-1

[Event "Teteven op 25th"]
[Site "Teteven"]
[Date "2010.08.14"]
[Round "1"]
[White "Shentov, Petar Delian"]
[Black "Popov, Georgi"]
[Result "0-1"]
[WhiteElo "1751"]
[BlackElo "2202"]
[PlyCount "40"]
[EventDate "2010.08.14"]
[EventType "swiss"]
[EventRounds "9"]
[EventCountry "BUL"]
[SourceTitle "EXT 2011"]
[Source "ChessBase"]
[SourceDate "2010.11.26"]
[SourceVersion "1"]
[SourceVersionDate "2010.11.26"]
[SourceQuality "1"]

1. d4 d5 2. c4 c6 3. cxd5 cxd5 4. Nc3 Nf6 5. Nf3 Nc6 6. Bf4 a6 7. e3 e6 8. a3 Nh5 9. Bg5 Qc7 10. Ne5 Nf6 11. Bxf6 gxf6 12. Ng4 Be7 13. f4 Bd7 14. Bd3 f5 15. Nf2 Rc8 16. Rc1 Na5 17. Rc2 Qd8 18. b4 Nc4 19. Qc1 b5 20. Nb1 a5 0-1

[Event "Kula op"]
[Site "Kula"]
[Date "2010.05.14"]
[Round "7"]
[White "Popov, Georgi"]
[Black "Kamenov, Valentin"]
[Result "0-1"]
[WhiteElo "2218"]
[BlackElo "1788"]
[PlyCount "70"]
[EventDate "2010.05.08"]
[EventType "swiss"]
[EventRounds "7"]
[EventCountry "BUL"]
[SourceTitle "CBM 136 Extra"]
[Source "ChessBase"]
[SourceDate "2010.07.02"]
[SourceVersion "2"]
[SourceVersionDate "2010.07.15"]
[SourceQuality "1"]

1. d4 Nf6 2. Nf3 g6 3. Nbd2 Bg7 4. e4 d6 5. c3 0-0 6. h3 c5 7. dxc5 dxc5 8. Bc4 Nc6 9. a4 b6 10. 0-0 Qc7 11. Re1 e5 12. Nf1 Nh5 13. Ne3 Nf4 14. Nd5 Nxd5 15. Bxd5 Bb7 16. Be3 Rad8 17. Qc2 Kh8 18. Rad1 Rd7 19. Bc4 Rfd8 20. Ng5 h6 21. Nf3 Na5 22. Rxd7 Rxd7 23. Bb5 Rd8 24. Be2 c4 25. Rd1 Rxd1+ 26. Bxd1 Bc6 27. Nd2 Qd7 28. f3 Kh7 29. g4 Bf6 30. Kf2 Bh4+ 31. Kf1 Bg3 32. Kg2 Bf4 33. Kf2 Bxe3+ 34. Kxe3 Qe7 35. Be2 Qc5# 0-1

[Event "Kula op"]
[Site "Kula"]
[Date "2010.05.13"]
[Round "6"]
[White "Bochev, Krasimir"]
[Black "Popov, Georgi"]
[Result "1/2-1/2"]
[WhiteElo "2126"]
[BlackElo "2218"]
[PlyCount "41"]
[EventDate "2010.05.08"]
[EventType "swiss"]
[EventRounds "7"]
[EventCountry "BUL"]
[SourceTitle "CBM 136 Extra"]
[Source "ChessBase"]
[SourceDate "2010.07.02"]
[SourceVersion "2"]
[SourceVersionDate "2010.07.15"]
[SourceQuality "1"]

1. Nf3 d6 2. d4 g6 3. c4 Bg7 4. g3 Nd7 5. Bg2 e5 6. Nc3 Ne7 7. 0-0 0-0 8. e4 exd4 9. Nxd4 Nb6 10. b3 Nc6 11. Nxc6 bxc6 12. Bb2 a5 13. Qc2 Rb8 14. Rad1 Qe7 15. Rfe1 a4 16. e5 axb3 17. axb3 dxe5 18. Bxc6 Qb4 19. Nb5 Bg4 20. Rb1 Bh3 21. Qd2 1/2-1/2

[Event "Kula op"]
[Site "Kula"]
[Date "2010.05.12"]
[Round "5"]
[White "Vranjanac, Ceda"]
[Black "Popov, Georgi"]
[Result "0-1"]
[WhiteElo "1800"]
[BlackElo "2218"]
[PlyCount "38"]
[EventDate "2010.05.08"]
[EventType "swiss"]
[EventRounds "7"]
[EventCountry "BUL"]
[SourceTitle "CBM 136 Extra"]
[Source "ChessBase"]
[SourceDate "2010.07.02"]
[SourceVersion "2"]
[SourceVersionDate "2010.07.15"]
[SourceQuality "1"]

1. d4 d6 2. c4 e5 3. dxe5 dxe5 4. Qxd8+ Kxd8 5. Nc3 Be6 6. e4 c6 7. Be3 Nd7 8. 0-0-0 Kc7 9. f4 f6 10. Nf3 Nh6 11. f5 Bf7 12. h3 Bb4 13. Kc2 b6 14. g4 Ng8 15. g5 Ne7 16. Rg1 Rhg8 17. Be2 Bxc3 18. Kxc3 c5 19. gxf6 gxf6 0-1

[Event "Kula op"]
[Site "Kula"]
[Date "2010.05.11"]
[Round "4"]
[White "Popov, Georgi"]
[Black "Ninov, Dayan"]
[Result "0-1"]
[WhiteElo "2218"]
[BlackElo "2020"]
[PlyCount "65"]
[EventDate "2010.05.08"]
[EventType "swiss"]
[EventRounds "7"]
[EventCountry "BUL"]
[SourceTitle "CBM 136 Extra"]
[Source "ChessBase"]
[SourceDate "2010.07.02"]
[SourceVersion "2"]
[SourceVersionDate "2010.07.15"]
[SourceQuality "1"]

1. c4 c5 2. Nc3 g6 3. g3 Bg7 4. Bg2 Nc6 5. d3 Nf6 6. e3 0-0 7. Nge2 e6 8. Nf4 Ne7 9. Qb3 Rb8 10. 0-0 b6 11. h3 Bb7 12. e4 Nc6 13. Be3 d6 14. a3 Qe7 15. Rab1 Nd4 16. Qd1 Nd7 17. Nfe2 a6 18. b4 f5 19. f4 Rfd8 20. Kh2 Bc6 21. Qd2 Nxe2 22. Nxe2 Nf6 23. e5 dxe5 24. Bxc6 e4 25. bxc5 Rxd3 26. Qc1 Qc7 27. Ba4 bxc5 28. Rxb8+ Qxb8 29. Bc2 Rd6 30. Rd1 Nd7 31. Rxd6 Qxd6 32. Qd1 Qc7 33. Kg2 0-1

[Event "Bobotsov Memorial 2nd"]
[Site "Sofia"]
[Date "2010.05.05"]
[Round "7"]
[White "Popov, Georgi"]
[Black "Lyubomirov, Ilijan"]
[Result "1-0"]
[WhiteElo "2218"]
[BlackElo "1711"]
[PlyCount "77"]
[EventDate "2010.04.30"]
[EventType "swiss"]
[EventRounds "9"]
[EventCountry "BUL"]
[SourceTitle "CBM 136 Extra"]
[Source "ChessBase"]
[SourceDate "2010.07.02"]
[SourceVersion "2"]
[SourceVersionDate "2010.07.15"]
[SourceQuality "1"]

1. c4 e5 2. Nc3 Nf6 3. g3 Bc5 4. Bg2 0-0 5. e3 Nc6 6. a3 a6 7. Nge2 d6 8. 0-0 Bf5 9. d4 exd4 10. Nxd4 Bxd4 11. exd4 Rb8 12. h3 Qd7 13. Kh2 Rfe8 14. f3 d5 15. c5 b6 16. cxb6 cxb6 17. Bg5 Qd6 18. Bf4 Qd7 19. Bxb8 Rxb8 20. Re1 Qd6 21. Qd2 Na5 22. Qe2 Nb3 23. Rad1 Qd7 24. Qf2 b5 25. Na2 a5 26. Nc1 Nxc1 27. Rxc1 b4 28. Rc5 bxa3 29. bxa3 Qa7 30. Qd2 a4 31. g4 Be6 32. Qc2 Nd7 33. Rc8+ Rxc8 34. Qxc8+ Nf8 35. Qc3 Ng6 36. Rb1 h6 37. Qc5 Qa6 38. Bf1 Qa8 39. Qc7 1-0

[Event "Bobotsov Memorial 2nd"]
[Site "Sofia"]
[Date "2010.05.02"]
[Round "3"]
[White "Popov, Georgi"]
[Black "Enchev, Ivajlo"]
[Result "1/2-1/2"]
[WhiteElo "2218"]
[BlackElo "2418"]
[PlyCount "113"]
[EventDate "2010.04.30"]
[EventType "swiss"]
[EventRounds "9"]
[EventCountry "BUL"]
[SourceTitle "CBM 136 Extra"]
[Source "ChessBase"]
[SourceDate "2010.07.02"]
[SourceVersion "2"]
[SourceVersionDate "2010.07.15"]
[SourceQuality "1"]

1. d4 Nf6 2. Nf3 e6 3. Bg5 h6 4. Bh4 c5 5. c3 d5 6. e3 Nbd7 7. Nbd2 Bd6 8. Bd3 0-0 9. 0-0 Re8 10. Re1 e5 11. dxe5 Nxe5 12. Nxe5 Bxe5 13. Nf3 Bc7 14. Qc2 Bg4 15. Bh7+ Kh8 16. Bf5 Bxf3 17. gxf3 Qd6 18. Bg3 Qc6 19. Rad1 Rad8 20. Bh3 Bb6 21. Bh4 Re5 22. Bg3 Re7 23. Re2 d4 24. exd4 Rxe2 25. Qxe2 cxd4 26. cxd4 Bxd4 27. Kg2 Re8 28. Qd2 Bb6 29. Rc1 Qb5 30. Rc8 Rxc8 31. Bxc8 Qc4 32. Bxb7 Qxa2 33. Qc3 Qe6 34. Bc8 Qd5 35. Ba6 Bd4 36. Qc8+ Kh7 37. Bd3+ g6 38. Bc4 Qd7 39. Qxd7 Nxd7 40. b3 Kg7 41. Bf4 Nb6 42. Bd3 f5 43. Be3 Bxe3 44. fxe3 Nd5 45. Kf2 Kf6 46. f4 g5 47. fxg5+ hxg5 48. h3 Ke5 49. Kf3 a5 50. Bxf5 Nxe3 51. Kxe3 Kxf5 52. Kf3 Kf6 53. Kg4 Kg6 54. Kf3 Kf5 55. Kg3 Kf6 56. Kg4 Kg6 57. Kg3 1/2-1/2

[Event "Bobotsov Memorial 2nd"]
[Site "Sofia"]
[Date "2010.05.02"]
[Round "4"]
[White "Somborski, Nebojsa"]
[Black "Popov, Georgi"]
[Result "1-0"]
[WhiteElo "2377"]
[BlackElo "2218"]
[PlyCount "87"]
[EventDate "2010.04.30"]
[EventType "swiss"]
[EventRounds "9"]
[EventCountry "BUL"]
[SourceTitle "CBM 136 Extra"]
[Source "ChessBase"]
[SourceDate "2010.07.02"]
[SourceVersion "2"]
[SourceVersionDate "2010.07.15"]
[SourceQuality "1"]

1. e4 g6 2. d4 Bg7 3. Nc3 c6 4. Nf3 d5 5. h3 b5 6. a3 dxe4 7. Nxe4 Bf5 8. Ng3 Be6 9. c3 Nd7 10. Bd3 Ngf6 11. 0-0 0-0 12. Re1 Bd5 13. Bf4 Bxf3 14. Qxf3 Nd5 15. Bg5 f6 16. Bh4 N7b6 17. Ne4 Na4 18. Re2 Bh6 19. Bg3 f5 20. Nc5 Nxc5 21. dxc5 f4 22. Bh2 Qd7 23. c4 bxc4 24. Bxc4 e6 25. Rae1 Rae8 26. b4 Kh8 27. Re4 a5 28. Bb3 axb4 29. axb4 Bg7 30. Qd3 Qc8 31. Kh1 Rd8 32. Qf3 Rde8 33. Bxd5 cxd5 34. Rxf4 Rxf4 35. Qxf4 e5 36. Qd2 Qc6 37. f3 h5 38. Rd1 d4 39. Qd3 Kh7 40. Qc4 Rc8 41. Rc1 Qc7 42. Bg3 Rd8 43. Rd1 Rc8 44. Rxd4 1-0